Statistiques concernant Les meillleurs joueurs des 5 grands championnats par année

Cliquez ici pour prendre le quiz!

Statistiques générales

  • Ce quiz a été pris 175 fois
  • Le résultat moyen est 57 sur 106

Statistiques - réponses

% Correct
Cristiano Ronaldo
99%
Kylian Mbappé
99%
Lionel Messi
99%
Karim Benzema
93%
Erling Haaland
92%
Kevin de Bruyne
92%
Kevin De Bruyne
92%
Mohamed Salah
91%
Robert Lewandowski
91%
Zlatan Ibrahimovic
90%
Neymar
85%
Edinson Cavani
82%
Oliver Kahn
82%
Antoine Griezmann
79%
Luis Suarez
67%
Thierry Henry
63%
Wayne Rooney
61%
Eden Hazard
60%
N'golo Kanté
58%
Francesco Totti
56%
Philipp Lahm
56%
Alexandre Lacazette
55%
Marco Reus
54%
Didier Drogba
53%
Franck Ribéry
52%
Zinedine Zidane
52%
Manuel Neuer
51%
Virgil Van Dijk
51%
Arjen Robben
49%
Romelu Lukaku
49%
Riyad Mahrez
48%
Juninho
47%
Andrea Pirlo
46%
Frank Lampard
45%
Kaka
44%
Gianluigi Buffon
42%
Paulo Dybala
42%
Rafael Leao
36%
Yoann Gourcuff
30%
Carlos Tevez
27%
Patrick Vieira
27%
Fabio Cannavaro
26%
Pauleta
26%
Mario Gomez
25%
Gareth Bale
24%
Lisandro Lopez
24%
Marc André Ter Stegen
24%
David Trezeguet
21%
Miroslav Klose
21%
Ruud Van Nistelrooy
21%
Christopher Nkunku
19%
Jan Oblak
19%
Bastian Schweinsteiger
16%
Leonardo Bonucci
16%
Ruben Dias
16%
Michael Essien
15%
Florent Malouda
14%
Michael Ballack
14%
Jerome Boateng
12%
Mauro Icardi
11%
Diego Milito
10%
Eric Carrière
9%
Nemanja Vidic
8%
Vincent Kompany
8%
Khvicha Kvaratshkelia
6%
Grafite
4%
Alberto Gilardino
2%
Marcelo Gallardo
2%
Ailton
1%
Kevin Phillips
1%
Freddie Ljungberg
0%

Distribution des résultats

Percentile par nombre de réponses

% des personnes avec chaque résultat

Votre développement - résultats

Vous n’avez pas pris ce quiz